COSMETIC TECHONOLOGY (Record no. 33078)

MARC details
000 -LEADER
fixed length control field 00315nam a22001457a 4500
003 - CONTROL NUMBER IDENTIFIER
control field SGT
020 ## - INTERNATIONAL STANDARD BOOK NUMBER
International Standard Book Number 818627055-8
082 ## - DEWEY DECIMAL CLASSIFICATION NUMBER
Classification number 668.5
Item number NAN
100 ## - MAIN ENTRY--PERSONAL NAME
Personal name NANDA, SANJU
245 ## - TITLE STATEMENT
Title COSMETIC TECHONOLOGY
260 ## - PUBLICATION, DISTRIBUTION, ETC. (IMPRINT)
Place of publication, distribution, etc INDIA
Name of publisher, distributor, etc BIRLA PUB.
Year of Publication 2027
300 ## - PAGE DESCRIPTION
No. of Pages 479
650 ## - SUBJECT ADDED ENTRY--TOPICAL TERM
Topical term or geographic name as entry element COSMETIC TECHONOLOGY
942 ## - ADDED ENTRY ELEMENTS (KOHA)
Source of classification or shelving scheme Dewey Decimal Classification
Koha item type Books
Holdings
Withdrawn status Lost status Source of classification or shelving scheme Damaged status Not for loan Collection code Home library Current library Shelving location Date acquired Vendor Name Cost, normal purchase price SGTU Bill Number Full call number Accession No. (Barcode) Date last seen Bill Date Koha item type Total Checkouts
    Dewey Decimal Classification   Not For Loan SCIENCE SGT Science & Social Sciences Library SGT Science & Social Sciences Library Reference Book 31/10/2025 ABC 850.00 SGTU 21721 668.5 NAN DP1558 31/10/2025 17/09/2025 Books  
    Dewey Decimal Classification     SCIENCE SGT Science & Social Sciences Library SGT Science & Social Sciences Library Text Book 31/10/2025 ABC 850.00 SGTU 21721 668.5 NAN DP1559 31/10/2025 17/09/2025 Books  
    Dewey Decimal Classification     SCIENCE SGT Science & Social Sciences Library SGT Science & Social Sciences Library Text Book 31/10/2025 ABC 850.00 SGTU 21721 668.5 NAN DP1560 31/10/2025 17/09/2025 Books